| 000 | 01202nam a22002777a 4500 | ||
|---|---|---|---|
| 005 | 20101206113148.0 | ||
| 008 | 101206t xxu||||| |||| 00| 0 hin d | ||
| 010 | _aHIN-93244 | ||
| 020 |
_c300.00 _a8188855464 |
||
| 035 | _aHN-65590 | ||
| 037 | _bDBAD/PUB | ||
| 040 |
_aDPL _bHN |
||
| 082 | _a920 | ||
| 100 |
_924598 _aप्रभाकर, विष्णु |
||
| 245 |
_aहमसफ़र मिलते रहेः _cविष्णु प्रभाकर _bसुप्रसिद्ध लेखक की आत्मकथा में चर्चित चेहरों का चित्रण / |
||
| 246 |
_aHamsafar milte rahe _bby Vishnu Prabhakar |
||
| 260 |
_aदिल्ली _bरचना प्रकाशन _c2010 |
||
| 270 |
_bदिल्ली _a1586/1ई, नवीन शाहदरा _e110032 |
||
| 300 |
_a160पृ. _c22सेमी (सजिल्द) |
||
| 650 | _91169 | ||
| 650 | _929580 | ||
| 700 | _924599 | ||
| 700 | _924924 | ||
| 942 |
_2ddc _cHN _mप्रभाक _h920 |
||
| 999 |
_c53967 _d53967 |
||